ბათუმის შოთა რუსთაველის სახელმწიფო უნივერსიტეტის ბიბლიოთეკა

Wissenschaftliches Arbeiten in der Linguistik / (ბიბ.ჩანაწერი № 62147)

000 -LEADER
fixed length control field 00897nam a22002417a 4500
005 - DATE AND TIME OF LATEST TRANSACTION
control field 20240723154529.0
008 - FIXED-LENGTH DATA ELEMENTS--GENERAL INFORMATION
fixed length control field 240723s2022 ge ||||| |||| 00| 0 ger d
020 ## - INTERNATIONAL STANDARD BOOK NUMBER
International Standard Book Number 9783823394839X
041 ## - LANGUAGE CODE
Language code of text/sound track or separate title ger
080 ## - UNIVERSAL DECIMAL CLASSIFICATION NUMBER
Universal Decimal Classification number 81'1W-77
245 ## - TITLE STATEMENT
Title Wissenschaftliches Arbeiten in der Linguistik /
Statement of responsibility, etc. Björn Rothstein, Linda Stark, Anica Betz, Caroline Schuttkowski
250 ## - EDITION STATEMENT
Edition statement 2nd ed View all formats and editions
264 ## - PRODUCTION, PUBLICATION, DISTRIBUTION, MANUFACTURE, AND COPYRIGHT NOTICE
Place of production, publication, distribution, manufacture Tübingen,
Name of producer, publisher, distributor, manufacturer Narr Francke Attempto,
Date of production, publication, distribution, manufacture, or copyright notice 2022.
300 ## - PHYSICAL DESCRIPTION
Extent 201 p.:
Other physical details 24 cm.
653 ## - INDEX TERM--UNCONTROLLED
keyword Wissenschaftliches Arbeiten in der Linguistik
653 ## - INDEX TERM--UNCONTROLLED
keyword ენათმეცნიერება
700 ## - ADDED ENTRY--PERSONAL NAME
Personal name Rothstein, Björn
Relator term ავტორი
9 (RLIN) 22909
700 ## - ADDED ENTRY--PERSONAL NAME
Personal name Stark, Linda
Relator term ავტორი
9 (RLIN) 22910
700 ## - ADDED ENTRY--PERSONAL NAME
Personal name Betz, Anica
9 (RLIN) 22911
700 ## - ADDED ENTRY--PERSONAL NAME
Personal name ავტორი
9 (RLIN) 22913
700 ## - ADDED ENTRY--PERSONAL NAME
Personal name Schuttkowski, Caroline
Relator term ავტორი
9 (RLIN) 22912
942 ## - ADDED ENTRY ELEMENTS (KOHA)
Source of classification or shelving scheme
Koha item type წიგნი
ეგზემპლარები
Withdrawn status Lost status Source of classification or shelving scheme Damaged status Not for loan Permanent Location Current Location Shelving location Date acquired Cost, normal purchase price Full call number Barcode Date last seen Copy number Price effective from Koha item type Public note
          ბათუმის შოთა რუსთაველის სახელმწიფო უნივერსიტეტის მთავარი ბიბლიოთეკა ბათუმის შოთა რუსთაველის სახელმწიფო უნივერსიტეტის მთავარი ბიბლიოთეკა წიგნსაცავი 2024-07-23 124.00 81'1W-77 68827 2024-07-23 68827 2024-07-23 წიგნი 124.00